199 Vornamen der Generation "Millennials" (1980 – 1995) - Statistiken

Allgemein
  • Dieses Quiz wurde 39 mal gespielt
  • Das Durchschnittsergebnis liegt bei 150 aus 199
Antwortstatistiken
📍 Vorname % Korrekt
J.n ♂️ Jan
100%
A.n ♀️ Ann
97%
T.m ♂️ Tim
97%
Di.k ♂️ Dirk
94%
F.l.x ♂️ Felix
94%
K.v.n ♂️ Kevin
94%
Le.a ♀️ Lena
94%
Ma.c ♂️ Marc
94%
M.x ♂️ Max
94%
M.x.m.l..n ♂️ Maximilian
94%
Ni.o ♂️ Nico
94%
P.t.r ♂️ Peter
94%
Ad.i.n ♂️ Adrian
90%
A.d.e ♂️ Andre
90%
A.d..a ♀️ Andrea
90%
An.a ♀️ Anna
90%
B..j.m.n ♂️ Benjamin
90%
D.n..l ♂️ Daniel
90%
D.n.y ♂️ Danny
90%
Er.k ♂️ Erik
90%
F.b..n ♂️ Fabian
90%
Jo.n ♂️ John
90%
N.k..s ♂️ Niklas
90%
Ol.v.r ♂️ Oliver
90%
P..l..p ♂️ Philipp
90%
R.p.a.l ♂️ Raphael
90%
R.b.c.a ♀️ Rebecca
90%
Sv.n ♂️ Sven
90%
T..m.s ♂️ Thomas
90%
T.b..s ♂️ Tobias
90%
A.d.e.s ♂️ Andreas
87%
C.r..t.n ♀️ Christin
87%
D.v.d ♂️ David
87%
D.m.n.k ♂️ Dominik
87%
Fi.n ♂️ Finn
87%
Is.b..l ♀️ Isabell
87%
J.k.b ♂️ Jakob
87%
J.h.n.a ♀️ Johanna
87%
J.l.a ♀️ Julia
87%
La.a ♀️ Lara
87%
Le.n ♂️ Leon
87%
M.r.o ♂️ Marco
87%
M.c.a.l ♂️ Michael
87%
M.c..e.a ♀️ Michaela
87%
Ni.s ♂️ Nils
87%
P.a ♀️ Pia
87%
T.n.a ♀️ Tanja
87%
Ti.a ♀️ Tina
87%
Al..a.d.r ♂️ Alexander
84%
D.n.e.a ♀️ Daniela
84%
D.n..s ♂️ Dennis
84%
Ja.a ♀️ Jana
84%
J.n..k ♂️ Jannik
84%
J.n.y ♀️ Jenny
84%
Je.s ♂️ Jens
84%
J.s.i.a ♀️ Jessica
84%
J.h.n..s ♂️ Johannes
84%
J.n.s ♂️ Jonas
84%
Li.a ♀️ Lisa
84%
L.k.s ♂️ Lukas
84%
M.r.a ♀️ Maria
84%
M.r..m ♀️ Miriam
84%
M.r.o ♂️ Mirko
84%
O.e ♂️ Ole
84%
Ol.a ♀️ Olga
84%
P.t.i.k ♂️ Patrick
84%
Pa.l ♂️ Paul
84%
R.b.n ♂️ Robin
84%
S.r.h ♀️ Sarah
84%
S.b..t..n ♂️ Sebastian
84%
S.s.n.e ♀️ Susanne
84%
Ti.o ♂️ Timo
84%
T.m ♂️ Tom
84%
V..t.r ♂️ Viktor
84%
Yv.n.e ♀️ Yvonne
84%
An.a ♀️ Anja
81%
An.e ♀️ Anne
81%
B.ö.n ♂️ Björn
81%
C.r..t..n ♂️ Christian
81%
C.r..t..h ♂️ Christoph
81%
F.a.z.s.a ♀️ Franziska
81%
H.n..h ♀️ Hannah
81%
J..q..l..e ♀️ Jacqueline
81%
K.t..r..a ♀️ Katharina
81%
La.s ♂️ Lars
81%
L.a ♀️ Lea
81%
M.r.e ♀️ Marie
81%
M..v.n ♂️ Marvin
81%
M.t.h..s ♂️ Matthias
81%
Mi.e ♂️ Mike
81%
M.r..z ♂️ Moritz
81%
Ne.e ♀️ Nele
81%
Ni.a ♀️ Nina
81%
No.a ♀️ Nora
81%
Re.e ♂️ René
81%
S..k.a ♀️ Saskia
81%
S.m.n ♂️ Simon
81%
Si.a ♀️ Sina
81%
S..f.n ♂️ Stefan
81%
S..f..n ♂️ Steffen
81%
Ti.l ♂️ Till
81%
V.n.s.a ♀️ Vanessa
81%
Al..a.d.a ♀️ Alexandra
77%
C.r..t..a ♀️ Christina
77%
C.r..t.p..r ♂️ Christopher
77%
F..d.r.k ♂️ Frederik
77%
H..d..k | H..r.k ♂️ Hendrik | Henrik
77%
J.n..e ♀️ Janine
77%
J..m.n ♀️ Jasmin
77%
K.m ♀️ Kim
77%
M.n..l ♂️ Manuel
77%
M..k.s ♂️ Markus
77%
M.h.m..d ♂️ Mohammed
77%
N.c..e ♀️ Nicole
77%
P..c.l ♂️ Pascal
77%
S.b..e ♀️ Sabine
77%
S.m..e ♀️ Simone
77%
T..j..a ♀️ Tatjana
77%
V.v..n ♀️ Vivien
77%
E.a ♀️ Eva
74%
J.n..a ♀️ Janina
74%
J.n.t..n ♂️ Jonathan
74%
J.d..h ♀️ Judith
74%
J.l..n ♂️ Julian
74%
K.i ♂️ Kai
74%
M..t.n ♂️ Martin
74%
M.c..l.e ♀️ Michelle
74%
P.t..c.a ♀️ Patricia
74%
R.b..t ♂️ Robert
74%
R.m.n ♂️ Roman
74%
S.r.n ♂️ Sören
74%
V.r..a ♀️ Verena
74%
Al..a ♀️ Alina
71%
B.n.d..t ♂️ Benedikt
71%
H.n..s ♂️ Hannes
71%
J.n.i..r ♀️ Jennifer
71%
K..s.a.t.n ♂️ Konstantin
71%
L.n.a.d ♂️ Lennard
71%
N.c.l.s ♂️ Nicolas
71%
S.b.i.a ♀️ Sabrina
71%
S.p..a ♀️ Sophia
71%
S..f.n.e ♀️ Stefanie
71%
T..b.n ♂️ Torben
71%
C.r.l.n ♀️ Carolin
68%
F.a.k ♂️ Frank
68%
K..s..n ♂️ Karsten
68%
M..c.l ♂️ Marcel
68%
M.r.n ♀️ Maren
68%
N.d..e ♀️ Nadine
68%
N.d.a ♀️ Nadja
68%
N.t.l.e ♀️ Natalie
68%
S.p..e ♀️ Sophie
68%
V..t.r.a ♀️ Victoria
68%
An.i.a ♀️ Annika
65%
Ar.e ♂️ Arne
65%
C.r..a ♀️ Carina
65%
F..r..n ♂️ Florian
65%
In.a ♀️ Inga
65%
J.n..s ♂️ Jannis
65%
J.l.a.e ♀️ Juliane
65%
K.t.a ♀️ Katja
65%
K.t..n ♀️ Katrin
65%
L.u.a ♀️ Laura
65%
M.n.y ♀️ Mandy
65%
S..d.a ♀️ Sandra
65%
C.r..t..e ♀️ Christine
61%
El..a ♀️ Elena
61%
H.n.i.g ♂️ Henning
61%
M.i.e ♀️ Maike
61%
M.n.e.a ♀️ Manuela
61%
M.l.n.e ♀️ Melanie
61%
S.e..a ♀️ Svenja
61%
C.r..t.a.e ♀️ Christiane
58%
K..s..n ♀️ Kerstin
58%
M.r.o ♂️ Mario
58%
M..t..a ♀️ Martina
58%
S.n.a ♀️ Sonja
58%
D.n..e ♀️ Denise
55%
D.a.a ♀️ Diana
55%
L.i.a ♀️ Luisa
55%
S..v.a ♀️ Silvia
55%
W..b.e ♀️ Wiebke
55%
V..c..t ♂️ Vincent
52%
M.r..a ♀️ Marina
48%
T..s..n ♂️ Torsten
48%
B..t..n ♂️ Bastian
45%
N.k.l.i ♂️ Nikolai
45%
C.a.d.a ♀️ Claudia
42%
M.l.e ♂️ Malte
42%
A.l.n ♀️ Aylin
39%
B.r.e ♀️ Birte
39%
C.r.n.a ♀️ Corinna
39%
B.a..a ♀️ Bianca
35%
L.n.a ♀️ Linda
35%
M.r..s ♂️ Marius
35%
S.s..a ♂️ Sascha
35%
T..r..a ♀️ Theresa
35%
M.r.i.e ♀️ Mareike
32%
S..v.n ♂️ Steven
32%
Keine übereinstimmenden Quizze gefunden
Verteilung der Resultate
Anzahl Personen mit jedem Resultat
Perzentil nach korrekt beantworteten Fragen
Ihre Resultats-Entwicklung
Sie haben dieses Quiz noch nicht gespielt